| 000 | 00563 a2200205 4500 | ||
|---|---|---|---|
| 005 | 20260130163608.0 | ||
| 008 | 260129b |||||||| |||| 00| 0 eng d | ||
| 020 |
_a9789359261478 _cRs. 1695.00 |
||
| 040 | _aMAIN | ||
| 082 |
_a355.00954 _bS55F |
||
| 100 | _aSen, Abhijit | ||
| 245 | _aFrom antiquity to modernity: The comprehensive history of Indian army | ||
| 260 |
_bKitabwallah _c2025 _aNew Delhi |
||
| 300 | _avi, 256 | ||
| 650 | _aMilitary Science | ||
| 650 | _aMilitary History | ||
| 650 | _aHistorical Treatment | ||
| 650 | _aIndia | ||
| 942 | _cBK | ||
| 999 |
_c393745 _d393745 |
||